[Event "Team men HL 2016"]
[Site "Sochi"]
[Date "2016.05.08"]
[Round "7.10"]
[White "Levin, Evgeny A."]
[Black "Belyakov, Bogdan"]
[Result "1/2-1/2"]
[LiveChessVersion "1.4.4"]
[BlackElo "2493"]
[WhiteElo "2510"]

1. d4 {[%clk 1:30:53]} Nf6 {[%clk 1:30:48]} 2. c4 {[%clk 1:31:14]} g6
{[%clk 1:31:07]} 3. Nc3 {[%clk 1:31:39]} Bg7 {[%clk 1:31:19]} 4. e4
{[%clk 1:32:05]} d6 {[%clk 1:31:37]} 5. Nf3 {[%clk 1:32:14]} O-O {[%clk 1:31:37]}
6. Be2 {[%clk 1:32:41]} e5 {[%clk 1:30:46]} 7. Be3 {[%clk 1:33:03]} Ng4
{[%clk 1:30:46]} 8. Bg5 {[%clk 1:33:21]} f6 {[%clk 1:31:06]} 9. Bh4
{[%clk 1:33:44]} Nc6 {[%clk 1:26:46]} 10. d5 {[%clk 1:34:08]} Ne7
{[%clk 1:26:49]} 11. Nd2 {[%clk 1:34:33]} Nh6 {[%clk 1:26:30]} 12. f3
{[%clk 1:22:24]} Nf7 {[%clk 1:08:56]} 13. Bf2 {[%clk 1:20:30]} f5
{[%clk 1:07:16]} 14. c5 {[%clk 1:12:01]} dxc5 {[%clk 1:00:42]} 15. Bxc5
{[%clk 1:11:03]} b6 {[%clk 1:00:52]} 16. Bf2 {[%clk 1:06:45]} c6 {[%clk 0:59:38]}
17. dxc6 {[%clk 1:04:01]} Nxc6 {[%clk 0:59:54]} 18. O-O {[%clk 1:02:40]} Be6
{[%clk 0:55:08]} 19. Bc4 {[%clk 1:02:16]} Bxc4 {[%clk 0:55:13]} 20. Nxc4
{[%clk 1:02:41]} Nd4 {[%clk 0:47:56]} 21. Kh1 {[%clk 0:50:23]} Rc8
{[%clk 0:43:24]} 22. Ne3 {[%clk 0:49:51]} Nd6 {[%clk 0:41:18]} 23. Qd3
{[%clk 0:44:52]} Rc7 {[%clk 0:27:23]} 24. Rae1 {[%clk 0:34:35]} Rcf7
{[%clk 0:22:04]} 25. Nc4 {[%clk 0:32:30]} Nxc4 {[%clk 0:18:22]} 26. Qxc4
{[%clk 0:32:54]} Qc8 {[%clk 0:18:18]} 27. Qd3 {[%clk 0:24:54]} Ne6
{[%clk 0:14:06]} 28. Nd5 {[%clk 0:22:47]} Nf4 {[%clk 0:13:12]} 29. Qb3
{[%clk 0:18:25]} Nxd5 {[%clk 0:13:04]} 30. Qxd5 {[%clk 0:16:05]} Rd8
{[%clk 0:13:22]} 31. Qb3 {[%clk 0:14:24]} Bf6 {[%clk 0:10:48]} 32. Rd1
{[%clk 0:06:13]} Rxd1 {[%clk 0:10:23]} 33. Rxd1 {[%clk 0:06:38]} fxe4
{[%clk 0:08:41]} 34. fxe4 {[%clk 0:07:04]} Bg5 {[%clk 0:08:24]} 35. Bg3
{[%clk 0:06:20]} Bf4 {[%clk 0:08:28]} 36. Bxf4 {[%clk 0:05:56]} exf4
{[%clk 0:08:53]} 37. e5 {[%clk 0:05:34]} Qf5 {[%clk 0:07:08]} 38. e6
{[%clk 0:04:12]} Re7 {[%clk 0:07:24]} 39. Re1 {[%clk 0:04:05]} b5
{[%clk 0:03:38]} 40. h3 {[%clk 0:33:17]} a6 {[%clk 0:33:05]} 41. Qc3
{[%clk 0:20:55]} f3 42. Qxf3 {[%clk 0:12:44]} Qxf3 {[%clk 0:20:49]} 1/2-1/2

[Event "Team men HL 2016"]
[Site "Sochi"]
[Date "2016.05.08"]
[Round "7.11"]
[White "Savitskiy, Sergey"]
[Black "Usmanov, Vasily"]
[Result "1/2-1/2"]
[LiveChessVersion "1.4.4"]
[BlackElo "2436"]
[WhiteElo "2401"]

1. Nf3 {[%clk 1:30:18]} Nf6 {[%clk 1:29:59]} 2. g3 {[%clk 1:30:42]} d5
{[%clk 1:30:26]} 3. Bg2 {[%clk 1:31:04]} Bf5 {[%clk 1:29:57]} 4. O-O
{[%clk 1:29:09]} e6 {[%clk 1:30:24]} 5. c4 {[%clk 1:24:26]} c6 {[%clk 1:29:53]}
6. b3 {[%clk 1:22:12]} h6 {[%clk 1:29:33]} 7. Bb2 {[%clk 1:22:17]} Nbd7
{[%clk 1:29:53]} 8. d3 {[%clk 1:21:03]} Be7 {[%clk 1:26:58]} 9. Nc3
{[%clk 1:06:58]} O-O {[%clk 1:27:11]} 10. Re1 {[%clk 1:06:55]} Bh7
{[%clk 1:20:49]} 11. e4 {[%clk 1:02:26]} dxe4 {[%clk 1:14:52]} 12. dxe4
{[%clk 1:02:28]} e5 {[%clk 0:55:48]} 13. Qe2 {[%clk 0:51:49]} Re8
{[%clk 0:52:09]} 14. a3 {[%clk 0:47:27]} a5 {[%clk 0:49:25]} 15. Na4
{[%clk 0:36:58]} Qb8 {[%clk 0:39:01]} 16. Nd2 {[%clk 0:26:38]} Nc5
{[%clk 0:25:43]} 17. Nxc5 {[%clk 0:20:25]} Bxc5 {[%clk 0:26:12]} 18. Rad1
{[%clk 0:18:09]} Qc7 {[%clk 0:22:24]} 19. Nb1 {[%clk 0:17:29]} Rad8
{[%clk 0:19:14]} 20. h3 {[%clk 0:15:37]} Nd7 {[%clk 0:14:57]} 21. Bc3
{[%clk 0:15:02]} Nf8 {[%clk 0:13:21]} 22. Qb2 {[%clk 0:14:47]} f6
{[%clk 0:12:48]} 23. b4 {[%clk 0:14:33]} axb4 {[%clk 0:13:15]} 24. axb4
{[%clk 0:15:00]} Be7 {[%clk 0:13:33]} 25. Na3 {[%clk 0:08:53]} Kh8
{[%clk 0:10:51]} 26. c5 {[%clk 0:08:10]} Bg8 {[%clk 0:08:39]} 27. Bf1
{[%clk 0:08:14]} Ne6 {[%clk 0:07:30]} 28. h4 {[%clk 0:06:58]} b6 {[%clk 0:05:03]}
29. cxb6 {[%clk 0:06:56]} Qxb6 {[%clk 0:05:28]} 30. Nc4 {[%clk 0:07:06]} Qb8
{[%clk 0:04:29]} 31. Na5 {[%clk 0:05:10]} Qb6 {[%clk 0:04:25]} 32. Nc4
{[%clk 0:03:24]} Qb8 {[%clk 0:04:48]} 33. Na5 {[%clk 0:02:58]} Qb6
{[%clk 0:04:53]} 34. Nc4 {[%clk 0:03:23]} 1/2-1/2

[Event "Team men HL 2016"]
[Site "Sochi"]
[Date "2016.05.08"]
[Round "7.12"]
[White "Palchun, Grigory"]
[Black "Sergeyev, Alexander"]
[Result "1-0"]
[LiveChessVersion "1.4.4"]
[BlackElo "2388"]
[WhiteElo "2320"]

1. d4 {[%clk 1:30:57]} d5 {[%clk 1:30:38]} 2. Nf3 {[%clk 1:31:18]} Nf6
{[%clk 1:30:55]} 3. Bf4 {[%clk 1:31:44]} c5 {[%clk 1:28:27]} 4. e3
{[%clk 1:32:10]} cxd4 {[%clk 1:27:15]} 5. exd4 {[%clk 1:32:35]} Nc6
{[%clk 1:27:01]} 6. c3 {[%clk 1:32:41]} Bg4 {[%clk 1:23:36]} 7. Nbd2
{[%clk 1:32:45]} a6 {[%clk 1:22:16]} 8. Qc2 {[%clk 1:25:38]} Bxf3
{[%clk 1:19:27]} 9. Nxf3 {[%clk 1:26:02]} e6 {[%clk 1:19:35]} 10. Bd3
{[%clk 1:25:40]} Rc8 {[%clk 1:15:33]} 11. Qe2 {[%clk 1:22:50]} Nh5
{[%clk 1:11:06]} 12. Bd2 {[%clk 1:21:48]} Bd6 {[%clk 1:08:29]} 13. Ne5
{[%clk 1:20:47]} Qh4 {[%clk 0:48:54]} 14. g3 {[%clk 1:10:20]} Qh3
{[%clk 0:48:41]} 15. f4 {[%clk 1:07:01]} Nf6 {[%clk 0:45:42]} 16. Nf3
{[%clk 0:47:51]} h6 {[%clk 0:40:48]} 17. Rg1 {[%clk 0:48:05]} Qg4
{[%clk 0:35:43]} 18. O-O-O {[%clk 0:44:35]} Nb4 {[%clk 0:31:42]} 19. Bb1
{[%clk 0:44:16]} g5 {[%clk 0:29:42]} 20. h3 {[%clk 0:37:20]} Qxh3
{[%clk 0:29:17]} 21. fxg5 {[%clk 0:37:17]} hxg5 {[%clk 0:26:55]} 22. Nxg5
{[%clk 0:37:39]} Qg4 {[%clk 0:26:06]} 23. Qf2 {[%clk 0:37:53]} Be7
{[%clk 0:26:26]} 24. Rh1 {[%clk 0:38:08]} Rh5 {[%clk 0:25:46]} 25. Rxh5
{[%clk 0:34:22]} Qxh5 {[%clk 0:26:15]} 26. Qg2 {[%clk 0:25:56]} Qg4
{[%clk 0:23:11]} 27. Rh1 {[%clk 0:25:44]} Qxd4 {[%clk 0:21:22]} 28. Rh8+
{[%clk 0:25:34]} Bf8 {[%clk 0:21:17]} 29. Kd1 {[%clk 0:25:54]} Qg4+
{[%clk 0:21:10]} 30. Ke1 {[%clk 0:25:57]} Ne4 {[%clk 0:16:46]} 31. Nxe4
{[%clk 0:19:44]} dxe4 {[%clk 0:16:47]} 32. Bh6 {[%clk 0:16:10]} Ke7
{[%clk 0:12:20]} 33. cxb4 {[%clk 0:13:18]} f5 {[%clk 0:11:31]} 34. Qh2
{[%clk 0:08:16]} Qf3 {[%clk 0:04:42]} 35. Bxf8+ {[%clk 0:05:09]} Rxf8
{[%clk 0:05:07]} 36. Rh7+ {[%clk 0:04:26]} Rf7 {[%clk 0:02:30]} 37. Qh4+
{[%clk 0:04:34]} Ke8 {[%clk 0:02:03]} 38. Rh8+ {[%clk 0:04:59]} Rf8
{[%clk 0:02:18]} 39. Qh5+ {[%clk 0:05:21]} Qxh5 {[%clk 0:02:45]} 40. Rxh5
{[%clk 0:35:49]} Kf7 {[%clk 0:32:38]} 41. Rh7+ {[%clk 0:35:19]} Kf6
{[%clk 0:33:04]} 42. Bc2 {[%clk 0:32:01]} Rc8 {[%clk 0:33:07]} 43. Bb3
{[%clk 0:27:13]} Rc1+ {[%clk 0:33:29]} 44. Ke2 {[%clk 0:22:32]} Rg1
{[%clk 0:33:03]} 45. Kf2 {[%clk 0:22:52]} Rb1 {[%clk 0:33:27]} 46. Rh6+
{[%clk 0:23:14]} Kg5 {[%clk 0:33:50]} 47. Rxe6 {[%clk 0:23:32]} Rxb2+
{[%clk 0:34:19]} 48. Kf1 {[%clk 0:23:45]} Rb1+ {[%clk 0:34:14]} 49. Kg2
{[%clk 0:24:08]} Rb2+ {[%clk 0:32:09]} 50. Kh3 {[%clk 0:24:19]} Rd2
{[%clk 0:32:31]} 51. Re7 {[%clk 0:19:57]} Rd3 {[%clk 0:32:18]} 52. Rg7+
{[%clk 0:20:19]} Kf6 {[%clk 0:28:34]} 53. Rxb7 {[%clk 0:20:36]} Ke5
{[%clk 0:26:14]} 54. Re7+ {[%clk 0:17:20]} Kd4 {[%clk 0:26:41]} 55. Rd7+
{[%clk 0:17:45]} Kc3 {[%clk 0:27:01]} 56. Rxd3+ {[%clk 0:16:51]} exd3
{[%clk 0:26:22]} 57. Kh4 {[%clk 0:17:09]} Kxb4 {[%clk 0:26:46]} 58. Kg5
{[%clk 0:17:35]} a5 {[%clk 0:27:02]} 59. Kxf5 {[%clk 0:18:01]} a4
{[%clk 0:27:28]} 60. Bd1 {[%clk 0:18:24]} 1-0

[Event "Team men HL 2016"]
[Site "Sochi"]
[Date "2016.05.08"]
[Round "7.14"]
[White "Chigaev, Maksim"]
[Black "Volkov, Sergey"]
[Result "1/2-1/2"]
[LiveChessVersion "1.4.4"]
[BlackElo "2611"]
[WhiteElo "2552"]

1. e4 {[%clk 1:30:57]} e6 {[%clk 1:30:54]} 2. d4 {[%clk 1:31:22]} d5
{[%clk 1:31:18]} 3. Nc3 {[%clk 1:31:47]} Nf6 {[%clk 1:31:36]} 4. e5
{[%clk 1:32:11]} Nfd7 {[%clk 1:32:00]} 5. f4 {[%clk 1:32:35]} c5 {[%clk 1:32:24]}
6. Nf3 {[%clk 1:33:01]} Nc6 {[%clk 1:32:47]} 7. Be3 {[%clk 1:33:26]} Be7
{[%clk 1:33:00]} 8. dxc5 {[%clk 1:33:50]} O-O {[%clk 1:33:23]} 9. Qd2
{[%clk 1:34:16]} Bxc5 {[%clk 1:33:44]} 10. O-O-O {[%clk 1:34:41]} Qb6
{[%clk 1:34:07]} 11. Nd4 {[%clk 1:28:17]} Nxd4 {[%clk 1:30:17]} 12. Bxd4
{[%clk 1:28:37]} Bxd4 {[%clk 1:30:36]} 13. Qxd4 {[%clk 1:29:00]} Qxd4
{[%clk 1:30:41]} 14. Rxd4 {[%clk 1:29:24]} a6 {[%clk 1:30:42]} 15. g3
{[%clk 1:22:45]} Nb8 {[%clk 1:29:21]} 16. Bg2 {[%clk 1:17:48]} Bd7
{[%clk 1:28:21]} 17. b3 {[%clk 1:15:14]} Ra7 {[%clk 1:20:40]} 18. Kb2
{[%clk 1:15:03]} b5 {[%clk 1:19:19]} 19. a3 {[%clk 1:13:48]} Rc8 {[%clk 1:19:06]}
20. Rd2 {[%clk 1:11:24]} Rac7 {[%clk 1:17:41]} 21. Ne2 {[%clk 1:11:41]} Nc6
{[%clk 1:17:50]} 22. Re1 {[%clk 1:07:25]} a5 {[%clk 1:13:00]} 23. Bf1
{[%clk 0:58:08]} h6 {[%clk 1:11:16]} 24. Ng1 {[%clk 0:55:12]} b4 {[%clk 1:11:30]}
25. a4 {[%clk 0:55:04]} g6 {[%clk 1:08:39]} 26. Nf3 {[%clk 0:54:38]} h5
{[%clk 1:07:35]} 27. Bd3 {[%clk 0:52:21]} Kg7 {[%clk 1:07:35]} 28. Rf2
{[%clk 0:51:20]} Rh8 {[%clk 1:03:43]} 29. Rc1 {[%clk 0:49:20]} Rhc8
{[%clk 1:02:14]} 30. Bb5 {[%clk 0:48:13]} Ne7 {[%clk 0:57:42]} 31. Ba6
{[%clk 0:48:30]} Ra8 {[%clk 0:57:43]} 32. Bd3 {[%clk 0:48:51]} Bc8
{[%clk 0:56:33]} 33. Nd4 {[%clk 0:44:49]} Ba6 {[%clk 0:56:31]} 34. Bxa6
{[%clk 0:40:51]} Rxa6 {[%clk 0:56:31]} 35. Rf3 {[%clk 0:40:32]} Nc6
{[%clk 0:53:47]} 36. Nb5 {[%clk 0:40:22]} Rd7 {[%clk 0:53:59]} 37. c4
{[%clk 0:37:41]} dxc4 {[%clk 0:52:44]} 38. Rxc4 {[%clk 0:37:00]} f6
{[%clk 0:52:49]} 39. exf6+ {[%clk 0:36:07]} Kxf6 {[%clk 0:53:12]} 40. Rf2
{[%clk 1:06:09]} Ne7 {[%clk 1:21:51]} 41. Rfc2 {[%clk 1:05:28]} Ra8
{[%clk 1:16:33]} 42. Re4 {[%clk 0:58:14]} Ra6 {[%clk 1:10:11]} 43. Nc7
{[%clk 0:53:08]} Rb6 {[%clk 1:10:12]} 44. Re5 {[%clk 0:53:19]} Nd5
{[%clk 1:04:59]} 45. Nxd5+ {[%clk 0:50:31]} Rxd5 {[%clk 1:05:16]} 46. Rxd5
{[%clk 0:50:53]} exd5 {[%clk 1:05:39]} 47. Rc5 {[%clk 0:51:21]} Re6
{[%clk 1:06:01]} 48. Rxa5 {[%clk 0:44:20]} Re2+ {[%clk 1:06:23]} 49. Kc1
{[%clk 0:44:46]} Rxh2 {[%clk 1:03:11]} 50. Rxd5 {[%clk 0:38:07]} Rh3
{[%clk 1:02:46]} 51. Rg5 {[%clk 0:32:10]} h4 {[%clk 1:03:12]} 52. gxh4
{[%clk 0:31:46]} Rxh4 {[%clk 1:02:39]} 53. Rb5 {[%clk 0:30:13]} Rxf4
{[%clk 1:03:01]} 54. a5 {[%clk 0:29:58]} g5 {[%clk 1:00:41]} 55. a6
{[%clk 0:30:15]} Rf1+ {[%clk 1:00:13]} 56. Kb2 {[%clk 0:30:38]} Rf2+
{[%clk 1:00:38]} 57. Kb1 {[%clk 0:30:58]} Rf1+ {[%clk 1:01:05]} 1/2-1/2

[Event "Team men HL 2016"]
[Site "Sochi"]
[Date "2016.05.08"]
[Round "7.15"]
[White "Tregubov, Pavel V."]
[Black "Rozum, Ivan"]
[Result "0-1"]
[LiveChessVersion "1.4.4"]
[BlackElo "2559"]
[WhiteElo "2593"]

1. c4 {[%clk 1:30:58]} Nf6 {[%clk 1:30:47]} 2. Nc3 {[%clk 1:31:22]} e6
{[%clk 1:31:09]} 3. e4 {[%clk 1:31:37]} c5 {[%clk 1:26:01]} 4. e5
{[%clk 1:30:54]} Ng8 {[%clk 1:26:24]} 5. Nf3 {[%clk 1:31:02]} d6 {[%clk 1:23:33]}
6. exd6 {[%clk 1:27:54]} Bxd6 {[%clk 1:23:27]} 7. d4 {[%clk 1:25:55]} cxd4
{[%clk 1:23:30]} 8. Qxd4 {[%clk 0:52:53]} e5 {[%clk 1:17:10]} 9. Qd3
{[%clk 0:53:00]} Nc6 {[%clk 1:10:59]} 10. Be3 {[%clk 0:49:47]} Bg4
{[%clk 1:08:02]} 11. h3 {[%clk 0:37:30]} Bxf3 {[%clk 1:02:57]} 12. gxf3
{[%clk 0:36:40]} Bb4 {[%clk 0:58:30]} 13. O-O-O {[%clk 0:31:52]} Qxd3
{[%clk 0:55:09]} 14. Rxd3 {[%clk 0:30:33]} Bxc3 {[%clk 0:48:38]} 15. Rxc3
{[%clk 0:22:45]} O-O-O {[%clk 0:48:01]} 16. Bd3 {[%clk 0:18:39]} Nf6
{[%clk 0:47:14]} 17. Re1 {[%clk 0:16:05]} Rhe8 {[%clk 0:44:41]} 18. Bb1
{[%clk 0:13:44]} Nd4 {[%clk 0:42:48]} 19. Bd2 {[%clk 0:13:34]} Nh5
{[%clk 0:41:18]} 20. Rd3 {[%clk 0:11:20]} f6 {[%clk 0:40:04]} 21. Ra3
{[%clk 0:09:55]} g6 {[%clk 0:31:40]} 22. Rxa7 {[%clk 0:07:50]} Nxf3
{[%clk 0:31:52]} 23. Ra8+ {[%clk 0:07:43]} Kd7 {[%clk 0:26:14]} 24. Rxd8+
{[%clk 0:08:05]} Rxd8 {[%clk 0:26:02]} 25. Rd1 {[%clk 0:08:07]} Nxd2
{[%clk 0:23:38]} 26. Rxd2+ {[%clk 0:08:29]} Kc7 {[%clk 0:24:05]} 27. Rxd8
{[%clk 0:07:00]} Kxd8 {[%clk 0:23:36]} 28. Be4 {[%clk 0:07:26]} Kc7
{[%clk 0:23:13]} 29. h4 {[%clk 0:06:50]} Nf4 {[%clk 0:22:51]} 30. Kd2
{[%clk 0:07:10]} f5 {[%clk 0:14:02]} 31. Bh1 {[%clk 0:07:27]} e4 {[%clk 0:13:37]}
32. f3 {[%clk 0:06:59]} exf3 {[%clk 0:13:50]} 33. Bxf3 {[%clk 0:06:51]} h6
{[%clk 0:14:14]} 34. Ke3 {[%clk 0:05:52]} g5 {[%clk 0:14:38]} 35. b4
{[%clk 0:05:07]} Ng6 {[%clk 0:10:46]} 36. h5 {[%clk 0:03:27]} Ne5
{[%clk 0:10:48]} 37. Be2 {[%clk 0:03:33]} b6 {[%clk 0:09:19]} 38. a4
{[%clk 0:00:44]} Nc6 {[%clk 0:08:55]} 39. b5 {[%clk 0:01:09]} Na5
{[%clk 0:08:35]} 40. Bd3 {[%clk 0:30:43]} f4+ {[%clk 0:38:04]} 41. Kd4
{[%clk 0:26:41]} Kd6 {[%clk 0:35:08]} 42. Be2 {[%clk 0:26:31]} Nb7
{[%clk 0:32:14]} 43. Ke4 {[%clk 0:19:39]} Nc5+ {[%clk 0:28:36]} 44. Kf5
{[%clk 0:19:28]} Nb3 {[%clk 0:25:13]} 45. Kg6 {[%clk 0:11:01]} Nd2
{[%clk 0:23:18]} 46. a5 {[%clk 0:07:32]} f3 {[%clk 0:16:08]} 47. c5+
{[%clk 0:07:40]} bxc5 {[%clk 0:14:16]} 48. Bd3 {[%clk 0:07:59]} c4
{[%clk 0:13:14]} 0-1

[Event "Team men HL chess 2016"]
[Site "Sochi"]
[Date "2016.05.08"]
[Round "7.5"]
[White "Tarlev, Konstantin"]
[Black "Sarana, Alexey"]
[Result "1/2-1/2"]
[WhiteElo "2586"]
[BlackElo "2422"]
[PlyCount "97"]
[EventDate "2016.05.01"]

1. e4 c5 2. Nf3 d6 3. Bb5+ Nd7 4. c3 Ngf6 5. Qe2 a6 6. Ba4 e6 7. Bc2 b5 8. O-O
Be7 9. a4 Bb7 10. Re1 Qb6 11. axb5 axb5 12. Rxa8+ Bxa8 13. Na3 b4 14. Nc4 Qc7
15. cxb4 cxb4 16. d4 b3 17. Bd3 Nxe4 18. Bxe4 Bxe4 19. Qxe4 d5 20. Qg4 h5 21.
Qxg7 Bf6 22. Nd6+ Qxd6 23. Qg3 Qxg3 24. hxg3 O-O 25. Re3 Rc8 26. Rc3 Rxc3 27.
bxc3 Nb6 28. Nd2 Na4 29. Nxb3 Nxc3 30. Kf1 Kg7 31. Bd2 Ne4 32. Be1 Kg6 33. Ke2
Be7 34. Kd3 Bd6 35. Na1 Bf8 36. Nc2 Kf6 37. Ne3 Bh6 38. Nf1 Kg6 39. Nh2 Kf5 40.
f3 Nf6 41. Bb4 Kg6 42. Ba3 Bg5 43. Bb4 Bc1 44. Bc5 Kg7 45. Bd6 Kg6 46. Bc5 Bg5
47. Bb4 Bh6 48. Ba3 Bg7 49. Bd6 1/2-1/2

[Event "Team men HL chess 2016"]
[Site "Sochi"]
[Date "2016.05.08"]
[Round "7.5"]
[White "Chernobay, Artem"]
[Black "Sek, Konstantin"]
[Result "0-1"]
[WhiteElo "2503"]
[BlackElo "2450"]
[PlyCount "68"]
[EventDate "2016.05.01"]

1. d4 Nf6 2. c4 c5 3. d5 e6 4. Nc3 exd5 5. cxd5 d6 6. e4 g6 7. Nf3 Bg7 8. Bd3
a6 9. a4 Bg4 10. h3 Bxf3 11. Qxf3 Nbd7 12. Qd1 O-O 13. O-O Re8 14. Re1 Qc7 15.
Bf4 Rab8 16. Bh2 c4 17. Bf1 b5 18. axb5 axb5 19. Ra6 b4 20. Bxd6 Qb7 21. Bxc4
bxc3 22. bxc3 Rbc8 23. Ra4 Nb6 24. Ba6 Qd7 25. Bxc8 Qxa4 26. Qxa4 Nxa4 27. Bb7
Nxc3 28. Re3 Ncxe4 29. Bc7 Bf8 30. Bc6 Rc8 31. Bb6 Rb8 32. Bd4 Rb1+ 33. Kh2
Bd6+ 34. g3 Rd1 0-1

[Event "Team men HL chess 2016"]
[Site "Sochi"]
[Date "2016.05.08"]
[Round "7.5"]
[White "Sin, Denis"]
[Black "Nozdrachev, Leonid"]
[Result "1/2-1/2"]
[WhiteElo "2312"]
[BlackElo "2413"]
[PlyCount "80"]
[EventDate "2016.05.01"]

1. d4 Nf6 2. c4 e6 3. Nf3 Bb4+ 4. Nbd2 O-O 5. a3 Be7 6. e3 d5 7. Bd3 c5 8. dxc5
a5 9. O-O Nbd7 10. b3 Nxc5 11. Bc2 Bd7 12. Bb2 b5 13. cxd5 Nxd5 14. Ne4 Rc8 15.
Nxc5 Rxc5 16. Rc1 f5 17. Qd4 Nf6 18. e4 Bc6 19. Ng5 Qc8 20. exf5 Bd5 21. Bb1
exf5 22. Qe5 Qb7 23. Rxc5 Bxc5 24. Bxf5 Re8 25. Bxh7+ Kh8 26. Qxf6 gxf6 27.
Bxf6+ Qg7 28. Bxg7+ Kxg7 29. Bd3 Re5 30. h4 Bxa3 31. f4 Re3 32. Bxb5 Rxb3 33.
Bd7 Rg3 34. Nf3 Bxf3 35. Rxf3 Rxf3 36. gxf3 Be7 37. h5 Kh6 38. Be8 a4 39. Bxa4
Kxh5 40. Kg2 Kg6 1/2-1/2

[Event "Team men HL chess 2016"]
[Site "Sochi"]
[Date "2016.05.08"]
[Round "7.5"]
[White "Bykov, Oleg"]
[Black "Khokhlova, Daria"]
[Result "1/2-1/2"]
[WhiteElo "2389"]
[BlackElo "2204"]
[PlyCount "157"]
[EventDate "2016.05.01"]

1. Nf3 g6 2. c4 Bg7 3. Nc3 Nf6 4. e4 d6 5. d4 O-O 6. Be2 e5 7. O-O Qe8 8. dxe5
dxe5 9. Qc2 c6 10. Rd1 Bg4 11. Ne1 Bxe2 12. Qxe2 Nbd7 13. Be3 Qe7 14. Nd3 Rfd8
15. f3 Nf8 16. a4 Qc7 17. Qf2 Qb8 18. Nc5 Rxd1+ 19. Rxd1 b6 20. Nd3 c5 21. Nd5
Nxd5 22. cxd5 Qe8 23. b3 c4 24. bxc4 Qxa4 25. Rc1 Nd7 26. Qc2 Qxc2 27. Rxc2 Bf8
28. Kf1 Rc8 29. Ke2 f6 30. Kd2 Bd6 31. Kc3 f5 32. Kb3 fxe4 33. fxe4 Rc7 34. Ka4
Nf6 35. Nf2 Bc5 36. Bxc5 Rxc5 37. Kb4 Kg7 38. Nd3 a5+ 39. Kb3 Rc8 40. Nxe5 Nxe4
41. Nc6 Nc5+ 42. Kc3 Re8 43. Kd2 Ne4+ 44. Ke3 Nc5+ 45. Kd2 Ne4+ 46. Kd1 Rf8 47.
Ke1 Nc5 48. Re2 Rf4 49. Ne5 Rd4 50. Kf1 b5 51. cxb5 Rxd5 52. Nc6 Rf5+ 53. Ke1
Nb7 54. Re7+ Rf7 55. Re5 Rd7 56. Ke2 Kf6 57. g4 a4 58. g5+ Kg7 59. Re4 a3 60.
Ra4 Nd6 61. Nd4 Ne4 62. Ke3 Nd6 63. b6 h6 64. Ra7 Nc4+ 65. Kd3 Nxb6 66. gxh6+
Kxh6 67. Rxa3 Rd5 68. Ke4 Rh5 69. Nf3 Nd7 70. Kf4 Rf5+ 71. Kg3 Nc5 72. Re3 Nd7
73. h4 Nf6 74. Ng5 Nh5+ 75. Kh3 Nf4+ 76. Kg4 Nd5 77. Ra3 Nf6+ 78. Kh3 Nh7 79.
Ne4 1/2-1/2

[Event "Team men HL chess 2016"]
[Site "Sochi"]
[Date "2016.05.08"]
[Round "7.6"]
[White "Demidov, Mikhail"]
[Black "Pustovoitova, Daria"]
[Result "1-0"]
[WhiteElo "2506"]
[BlackElo "2304"]
[PlyCount "71"]
[EventDate "2016.05.01"]

1. e4 c5 2. Nf3 d6 3. Nc3 a6 4. d4 cxd4 5. Nxd4 Nf6 6. Nb3 g6 7. Be2 Bg7 8. g4
Nc6 9. g5 Nd7 10. h4 Nc5 11. Nxc5 dxc5 12. Qxd8+ Kxd8 13. Na4 Nd4 14. Bd1 Ne6
15. Nb6 Rb8 16. f4 Kc7 17. Nd5+ Kd6 18. c4 b5 19. e5+ Kd7 20. Be3 Bb7 21. Bg4
Rhd8 22. O-O-O bxc4 23. Rh2 Bxd5 24. Rxd5+ Kc6 25. Rxd8 Nxd8 26. h5 e6 27. Bf3+
Kb5 28. h6 Bf8 29. Rd2 Nc6 30. Rd7 Ne7 31. Be4 a5 32. Kc2 a4 33. a3 Kb6 34. Bf2
Kb5 35. Rc7 Rc8 36. Bc6+ 1-0

[Event "Team men HL chess 2016"]
[Site "Sochi"]
[Date "2016.05.08"]
[Round "7.6"]
[White "Smirnov, Alexey"]
[Black "Bryzgalin, Kirill"]
[Result "1-0"]
[WhiteElo "2445"]
[BlackElo "2446"]
[PlyCount "79"]
[EventDate "2016.05.01"]

1. d4 d5 2. c4 c6 3. Nf3 Nf6 4. Nc3 a6 5. c5 Nbd7 6. Bf4 Nh5 7. Bd2 Nhf6 8. Qc2
g6 9. g3 Bg7 10. Bg2 O-O 11. O-O Re8 12. Bf4 Nf8 13. Na4 N6d7 14. Rad1 Ne6 15.
Bc1 h6 16. h4 Nef8 17. Rfe1 Nf6 18. Qb3 Ra7 19. Ne5 Bf5 20. Nb6 Be6 21. Qc2 Bf5
22. Qb3 Be6 23. Bf4 a5 24. Qc2 N6d7 25. Nbxd7 Nxd7 26. Qc1 h5 27. Rd3 Bf5 28.
Ra3 Ra6 29. Rb3 Qc8 30. Qc3 Nf8 31. Ra3 Ne6 32. Bd2 Qc7 33. e3 Rea8 34. Ra4 Nf8
35. e4 dxe4 36. Bxe4 Bxe4 37. Rxe4 Bxe5 38. Rxe5 Qd7 39. Bh6 Ne6 40. d5 1-0

[Event "Team men HL chess 2016"]
[Site "Sochi"]
[Date "2016.05.08"]
[Round "7.6"]
[White "Utnasunov, Alexander"]
[Black "Babarykin, Stanislav"]
[Result "1-0"]
[WhiteElo "2423"]
[BlackElo "2396"]
[PlyCount "69"]
[EventDate "2016.05.01"]

1. d4 f5 2. Nf3 Nf6 3. g3 g6 4. Bg2 Bg7 5. O-O O-O 6. c4 d6 7. Nc3 Qe8 8. Nd5
Nxd5 9. cxd5 Nd7 10. e4 fxe4 11. Ng5 Nf6 12. Re1 Nxd5 13. Bxe4 Nf6 14. Bf3 c6
15. Bf4 d5 16. Bd6 Qd7 17. Ba3 Ne4 18. Nxe4 dxe4 19. Rxe4 Rf7 20. Qe2 Qf5 21.
Rf4 Qe6 22. Rxf7 Kxf7 23. Qd3 Qf5 24. Be4 Qb5 25. Qf3+ Kg8 26. d5 Bd7 27. Bxe7
Qxb2 28. Rb1 Qe5 29. Rxb7 Qxe7 30. dxc6 Rd8 31. Qd3 Qe5 32. Rxd7 Rf8 33. Qd5+
Kh8 34. Qxe5 Bxe5 35. f4 1-0

[Event "Team men HL chess 2016"]
[Site "Sochi"]
[Date "2016.05.08"]
[Round "7.6"]
[White "Meshkov, Yuri A"]
[Black "Vastrukhin, Oleg"]
[Result "0-1"]
[WhiteElo "2354"]
[BlackElo "2401"]
[PlyCount "76"]
[EventDate "2016.05.01"]

1. d4 g6 2. c3 Bg7 3. Bf4 c5 4. e3 Qb6 5. Qb3 Nc6 6. Nf3 Nf6 7. h3 O-O 8. Nbd2
d5 9. g4 Re8 10. Bg2 c4 11. Qc2 h5 12. Ne5 hxg4 13. hxg4 Nxe5 14. Bxe5 Bxg4 15.
f3 Be6 16. O-O-O Nd7 17. Bf4 Bf5 18. e4 e5 19. Bh6 Be6 20. Bxg7 Kxg7 21. f4
exd4 22. f5 d3 23. Qa4 Nc5 24. Qa3 Nxe4 25. Bxe4 dxe4 26. fxe6 Qxe6 27. Qc5 e3
28. Qd4+ Qe5 29. Qxe5+ Rxe5 30. Nxc4 d2+ 31. Kc2 Re4 32. Kd3 Rxc4 33. Kxc4 Re8
34. a4 f5 35. b4 f4 36. a5 g5 37. Kb3 f3 38. Kc2 f2 0-1

[Event "Team men HL chess 2016"]
[Site "Sochi"]
[Date "2016.05.08"]
[Round "7.7"]
[White "Nikolenko, Oleg"]
[Black "Palachev, Petr"]
[Result "1-0"]
[WhiteElo "2505"]
[BlackElo "2403"]
[PlyCount "51"]
[EventDate "2016.05.01"]

1. e4 e6 2. d4 d5 3. exd5 exd5 4. Nf3 Nf6 5. c4 Be7 6. Nc3 O-O 7. Bd3 dxc4 8.
Bxc4 Nbd7 9. O-O Nb6 10. Bb3 c6 11. Re1 Nbd5 12. h3 Be6 13. Bc2 Nxc3 14. bxc3
Re8 15. Qd3 g6 16. Rxe6 fxe6 17. Ng5 Qa5 18. Nxh7 Qf5 19. Qd2 Ne4 20. Qe3 Kxh7
21. Bxe4 Bg5 22. f4 Bxf4 23. Qxf4 Qxf4 24. Bxf4 a5 25. h4 Kg7 26. Rb1 1-0

[Event "Team men HL chess 2016"]
[Site "Sochi"]
[Date "2016.05.08"]
[Round "7.7"]
[White "Mokshanov, Alexey"]
[Black "Sychev, Klementy"]
[Result "0-1"]
[WhiteElo "2425"]
[BlackElo "2419"]
[PlyCount "112"]
[EventDate "2016.05.01"]

1. e4 e5 2. Nf3 Nc6 3. d4 exd4 4. Nxd4 Nf6 5. Nxc6 bxc6 6. e5 Qe7 7. Qe2 Nd5 8.
c4 Ba6 9. Nd2 g6 10. Qe4 Nb6 11. Bd3 Bg7 12. O-O O-O 13. Re1 Rfe8 14. Nf3 d5
15. cxd5 cxd5 16. Qe2 Bxd3 17. Qxd3 c5 18. Bg5 Qe6 19. Rac1 Nc4 20. Qc2 Nxe5
21. Qxc5 Nxf3+ 22. gxf3 Qf5 23. Bh4 Bxb2 24. Rxe8+ Rxe8 25. Qb5 Bxc1 26. Qxe8+
Kg7 27. Be7 h5 28. Bc5 Bb2 29. Bxa7 Qxf3 30. Qa4 Be5 31. Qb3 Qg4+ 32. Kf1 Qe4
33. f3 Qc4+ 34. Qxc4 dxc4 35. a4 Bc7 36. Bd4+ Kf8 37. h3 Ke7 38. Ke2 Ba5 39.
Kd1 g5 40. Be3 f6 41. Kc2 Ke6 42. Bc1 Kd5 43. Be3 Kd6 44. Kb2 Ke6 45. Kc2 Kd5
46. Kb2 Bd8 47. Kc2 f5 48. a5 Bxa5 49. Bxg5 Kd4 50. Bf4 Be1 51. Kd1 Ba5 52. Kc2
h4 53. Bg5 Be1 54. Kd1 Bg3 55. Kd2 c3+ 56. Kc2 f4 0-1